[Event "WJun"]
[Site "Yerevan ARM"]
[Date "2006.10.07"]
[Round "5"]
[White "Corrales,Fi"]
[Black "Tonoian,A"]
[Result "1-0"]
[WhiteElo "2496"]
[BlackElo "2400"]

1.e4 c5 2.Nf3 e6 3.d4 cxd4 4.Nxd4 Nc6 5.Nc3 Qc7 6.Be2 a6 7.O-O Nf6 8.Be3 Bb4
9.Na4 O-O 10.Nxc6 bxc6 11.Nb6 Rb8 12.Nxc8 Rfxc8 13.Bxa6 Rf8 14.Bd3 Bd6 15.g3 Be5
16.a4 Bxb2 17.Ra2 d5 18.exd5 cxd5 19.a5 d4 20.Bg5 Nd5 21.a6 Qa7 22.Qh5 g6
23.Qf3 Kg7 24.Bf4 Nxf4 25.Qxf4 Rb4 26.h4 h5 27.Ra5 Re8 28.Qe5+ Kg8 29.Rc5 Qb8
30.Rc7  1-0

[Event "ECU Club Cup"]
[Site "Feugen AUT"]
[Date "2006.10.08"]
[Round "1"]
[White "Akhayan,R"]
[Black "Belozerov,A"]
[Result "1/2-1/2"]
[WhiteElo "2262"]
[BlackElo "2518"]

1.e4 c5 2.Nf3 Nc6 3.Nc3 e6 4.d4 cxd4 5.Nxd4 d6 6.Bc4 Nf6 7.Be3 a6 8.Qe2 Na5
9.Bb3 b5 10.O-O-O Nxb3+ 11.axb3 Qc7 12.g4 b4 13.Na4 Be7 14.Kb1 Nxe4 15.Nb6 Rb8
16.Nxc8 Qxc8 17.Bh6 gxh6 18.Qxe4 d5 19.Qe5 Rg8 20.Nc6 Rb7 21.Nxe7 Rxe7 22.Rhe1 Qc7
23.Qe2 Kf8 24.Qd2 Rxg4 25.Qxh6+ Kg8 26.Rg1 Rg6 27.Qh4 Re8 28.Qxb4 Qxh2 29.Rgf1 Rc8
30.Qd2 Qg2 31.Rh1 Qf3 32.Rh2 Rg2 33.Rxg2+ Qxg2 34.Qd4 Qg7 35.Qe3 Qg6 36.Qc1 Kf8
37.Rd3 h5 38.Qe1 Qe4 39.Qd2 h4 40.f3 Qh7 41.Qb4+ Kg8 42.Qg4+ Kf8 43.Qb4+ Kg7
44.Qg4+ Qg6 45.Qxh4 Qg1+ 46.Ka2 Rxc2 47.f4 Qb6 48.Rh3 Qa5+ 49.Kb1 Rxb2+ 50.Kxb2 Qd2+
51.Kb1 Qd1+ 52.Ka2 Qd2+  1/2-1/2

[Event "ECU Club Cup"]
[Site "Feugen AUT"]
[Date "2006.10.08"]
[Round "1"]
[White "Volokitin,And"]
[Black "Thorfinnsson,Br"]
[Result "1-0"]
[WhiteElo "2662"]
[BlackElo "2379"]

1.e4 c5 2.Nf3 e6 3.d4 cxd4 4.Nxd4 Nc6 5.Nc3 Qc7 6.Be3 a6 7.Qd2 Nf6 8.O-O-O Bb4
9.f3 Ne5 10.Nb3 b5 11.Qe1 Nc4 12.Bd4 Bb7 13.e5 Bxc3 14.Bxc3 Nd5 15.Bxc4 bxc4
16.Na5 Nxc3 17.Qxc3 Bd5 18.b3 O-O 19.Nxc4 Bxc4 20.Rhe1 Rfc8 21.Qxc4 Qa5 22.Qd4 Qxa2
23.Qb2 Qa5 24.Kb1 Rc7 25.Re2 Qb5 26.Re4 a5 27.Rd2 Rca7 28.Ra4 Rb7 29.Qd4 Rc8
30.Qe4 Qf1+ 31.Ka2 Qc1 32.Rc4 Rxc4 33.Qxc4 h6 34.Rd6 Rb4 35.Qd3 a4 36.Rxd7 axb3+
37.cxb3 g6 38.Rxf7 Kxf7 39.Qd7+ Kf8 40.Qd8+ Kg7 41.Qe7+ Kh8 42.Qxb4 Qc2+
43.Ka3 Qc1+ 44.Ka4 Qa1+ 45.Kb5 Qxe5+ 46.Kc6 Qd5+ 47.Kc7 Qe5+ 48.Kd7 Qd5+
49.Ke8 Qa8+ 50.Kf7 Qg8+ 51.Kf6 Qg7+ 52.Kxe6 Qg8+ 53.Ke5 Qg7+ 54.Ke4 Qc7 55.Qd4+ Kh7
56.Qc4 Qe7+ 57.Kd3 Qd6+ 58.Kc2 Qb6 59.Qf7+ Kh8 60.Qf4 Kh7 61.b4 Qf2+ 62.Qd2 Qf1
63.Kb2 h5 64.Qc2 Qb5 65.Qc7+ Kh6 66.Qd6 Qc4 67.Qd2+ Kh7 68.Qd7+ Kg8 69.Qe8+ Kh7
70.Qe7+ Kh6 71.Qe4 Qf1 72.Qf4+ Kh7 73.Qc7+ Kg8 74.Qc2 Kh7 75.Kb3 Qa1 76.Qd3 Qg1
77.Qd7+ Kh6 78.Qd2+ Kh7 79.h4 Qf1 80.Kc3 Qa6 81.Qd7+ Kh6 82.Qd8 Kh7 83.Qe7+ Kh6
84.Qg5+ Kh7 85.b5 Qa4 86.Qe7+ Kh6 87.Qb4 Qa1+ 88.Qb2 Qa5+ 89.Kd3 Qd8+ 90.Qd4 Qg8
91.b6 Qb3+ 92.Qc3 Qb1+ 93.Kd2 Qa2+ 94.Kd1 Kh7 95.Qc7+ Kh6 96.b7 Qb3+ 97.Ke2  1-0

[Event "WJun"]
[Site "Yerevan ARM"]
[Date "2006.10.08"]
[Round "6"]
[White "Andriasian,Z"]
[Black "Alaverdyan,G"]
[Result "1-0"]
[WhiteElo "2463"]
[BlackElo "2202"]

1.e4 c5 2.Nf3 e6 3.d4 cxd4 4.Nxd4 Nc6 5.Nc3 Qc7 6.Nxc6 dxc6 7.Bd3 e5 8.O-O Bd6
9.Qf3 Ne7 10.Ne2 Be6 11.a4 O-O-O 12.a5 g6 13.Bg5 Qd7 14.Bf6 Rhg8 15.Qe3 Kb8
16.b4 Rc8 17.c4 c5 18.b5 Rge8 19.Rfd1 Ng8 20.Bh4 f5 21.Bc2 Bxc4 22.Nc3 f4
23.Qd2 Re6 24.Ra4 g5 25.Bxg5 Bxb5 26.Nxb5 Qxb5 27.Rb1 Qa6 28.Bd3 c4 29.Qa2 cxd3
30.Qxe6 d2 31.Raa1 Qd3 32.Rd1 Qd4 33.Rab1 Bc5 34.Qd5 Qxd5 35.exd5 h6 36.Bh4 Bd4
37.d6 e4 38.d7  1-0

[Event "22nd ECU Club Cup"]
[Site "Feugen AUT"]
[Date "2006.10.09"]
[Round "2"]
[White "Korneev,O"]
[Black "Kaenel,H"]
[Result "1/2-1/2"]
[WhiteElo "2657"]
[BlackElo "2388"]

1.e4 c5 2.Nf3 e6 3.d4 cxd4 4.Nxd4 Nc6 5.Nc3 Qc7 6.Be3 a6 7.Qd2 Nf6 8.O-O-O Bb4
9.f3 Ne5 10.Nb3 b5 11.Qe1 Nc4 12.Bd4 Bb7 13.Qg3 Qxg3 14.hxg3 e5 15.Bc5 Bxc5
16.Nxc5 Bc6 17.Bxc4 bxc4 18.g4 Ke7 19.g5 Ne8 20.Nd5+ Bxd5 21.Rxd5 d6 22.Nb7 Ra7
23.Na5 Rc7 24.b3 cxb3 25.axb3 h5 26.Kb2 f6 27.g6 Rh6 28.Rd2 Rxg6 29.Rxh5 Rh6
30.Rxh6 gxh6 31.Nc4 Ke6 32.Ne3 h5 33.c4 Ng7 34.Kc3 Rc6 35.g4 hxg4 36.fxg4 a5
37.Nf5 Nxf5 38.gxf5+ Kd7 39.Rh2 Ra6 40.Rh7+ Kc6 41.Rh6 Ra8 42.Rxf6 Rh8 43.Rf7 Rh4
44.Kd3 Rh3+ 45.Ke2 Rxb3 46.f6 a4 47.Ra7 Rb8 48.f7 Rf8 49.Kd3 a3 50.Kc3 a2
51.Ra6+ Kc5 52.Rxa2 Rxf7 53.Ra5+ Kc6  1/2-1/2

[Event "22nd ECU Club Cup"]
[Site "Feugen AUT"]
[Date "2006.10.09"]
[Round "2"]
[White "Rade,M"]
[Black "Iljin,A"]
[Result "1/2-1/2"]
[WhiteElo "2425"]
[BlackElo "2513"]

1.e4 c5 2.Nf3 e6 3.d4 cxd4 4.Nxd4 Nc6 5.Nc3 d6 6.Be2 Nf6 7.O-O Be7 8.Kh1 O-O
9.f4 Nxd4 10.Qxd4 b6 11.Bc4 Bb7 12.Bb3 d5 13.e5 Bc5 14.Qd1 Ne4 15.Nxe4 dxe4
16.Qe2 Kh8 17.Be3 Qe7 18.f5 Bxe3 19.Qxe3 exf5 20.Rxf5 g6 21.Rf4 Qxe5 22.Bxf7 Qxb2
23.Raf1 Qe5 24.h3 Rad8 25.R4f2 Qd4 26.Qh6 Qg7 27.Qg5 Bc8  1/2-1/2

[Event "22nd ECU Club Cup"]
[Site "Feugen AUT"]
[Date "2006.10.09"]
[Round "2"]
[White "Makoli,P"]
[Black "Ogaard,L"]
[Result "0-1"]
[WhiteElo "2246"]
[BlackElo "2395"]

1.e4 c5 2.Nf3 e6 3.d4 cxd4 4.Nxd4 Nc6 5.Nc3 a6 6.Be3 Qc7 7.Be2 Nf6 8.O-O Bb4
9.Nxc6 bxc6 10.Na4 Rb8 11.f4 Nxe4 12.c4 d5 13.c5 Qe7 14.Rc1 O-O 15.Bd3 Rd8
16.Qe2 d4 17.Bxd4 Rxd4 18.Bxe4 Bb7 19.Bb1 Rbd8 20.a3 Bd2 21.Rc4 a5 22.Rxd4 Rxd4
23.f5 e5 24.b3 e4 25.Kh1 Qe5 26.Nb6 e3 27.Na4 Rh4 28.h3 Qd5 29.Kh2 Qxb3 30.Nb6 Qc3
31.f6 g6 32.Ba2 Qxc5 33.Nc4 Ba6 34.Rb1 h5 35.g4 hxg4 36.Qd3 g3+ 37.Kxg3 Qg5+
38.Kh2 Qf4+  0-1

[Event "22nd ECU Club Cup"]
[Site "Feugen AUT"]
[Date "2006.10.09"]
[Round "2"]
[White "Hammer,J"]
[Black "Murtez,H"]
[Result "1/2-1/2"]
[WhiteElo "2380"]
[BlackElo "2318"]

1.e4 c5 2.Nf3 e6 3.Nc3 Nc6 4.d4 cxd4 5.Nxd4 d6 6.g4 Nf6 7.g5 Nd7 8.Be3 Be7
9.h4 a6 10.Qd2 Qc7 11.O-O-O Nce5 12.f4 Nc4 13.Bxc4 Qxc4 14.h5 b5 15.b3 Qc7
16.g6 Nf6 17.gxf7+ Kxf7 18.f5 e5 19.Nf3 Qa5 20.Ng5+ Ke8 21.Kb1 h6 22.Ne6 Bxe6
23.fxe6 Rc8 24.Kb2 Rxc3 25.Qxc3 Qxc3+ 26.Kxc3 Nxe4+ 27.Kb4 d5+ 28.Ka5 d4
29.Bd2 Nf2 30.Kxa6 Nxh1 31.Rxh1 Bd6 32.Kxb5 Ke7 33.Kc4 Rc8+ 34.Kd3 Kxe6 35.Rg1 Kd5
36.Rg4 Rf8 37.c4+ dxc3 38.Bxc3 Rf3+ 39.Kd2 Rf2+ 40.Kd1 Rxa2 41.Rxg7 Rh2 42.Rd7 Kc6
43.Rd8 Rxh5 44.b4 Bc7 45.Rc8 Kd7 46.Rh8 Kc6 47.Rc8 e4 48.Ke2 Kd7 49.Rh8 Bf4
50.Rf8 Rh2+ 51.Kf1 Bg5 52.b5 Rc2 53.b6 e3 54.b7 e2+ 55.Kf2 Bh4+ 56.Ke3 Rxc3+
57.Kxe2 Bg3 58.Rf3 Rxf3 59.Kxf3 Bd6 60.Kg2 Kc7  1/2-1/2

[Event "22nd ECU Club Cup"]
[Site "Feugen AUT"]
[Date "2006.10.09"]
[Round "2"]
[White "Broekmeulen,Ja"]
[Black "Gudmundsson,S"]
[Result "1/2-1/2"]
[WhiteElo "2273"]
[BlackElo "2113"]

1.e4 c5 2.Nf3 e6 3.d4 cxd4 4.Nxd4 Nc6 5.Nc3 Nf6 6.Ndb5 d6 7.Bf4 e5 8.Bg5 a6
9.Na3 b5 10.Nd5 Be7 11.Nxe7 Nxe7 12.Bxf6 gxf6 13.c4 Qa5+ 14.Qd2 Qxd2+ 15.Kxd2 b4
16.Nc2 a5 17.Bd3 f5 18.exf5 Bxf5 19.Bxf5 Nxf5 20.Rad1 Rg8 21.g3 Rc8 22.b3 Rc5
23.Ke2 Ke7 24.Rd2 d5 25.cxd5 Rxc2 26.Rxc2 Nd4+ 27.Kd3 Nxc2 28.Kxc2 Rc8+ 29.Kb2 Kd6
30.Rd1 Rc5 31.Rd2 Rxd5 32.Kc2 Rxd2+ 33.Kxd2 e4 34.Ke3 Ke5 35.g4 Kd5 36.g5 Ke5
37.h3 Kf5 38.h4 Ke5 39.f3 exf3 40.Kxf3 Kd4 41.Kg4 Kc3 42.Kf5 Kb2 43.Kf6 Kxa2
44.Kxf7 a4 45.bxa4 b3 46.h5 b2 47.g6 b1=Q 48.g7 Qf5+ 49.Ke7 Qe5+ 50.Kf8 Qc5+
51.Kg8 Qxh5 52.Kh8 Qe5 53.a5 h5 54.Kh7 Qxa5 55.g8=Q+ Kb2 56.Qg2+ Kc3 57.Qh3+  1/2-1/2

[Event "WJun"]
[Site "Yerevan ARM"]
[Date "2006.10.09"]
[Round "7"]
[White "Alaverdyan,G"]
[Black "Tonoian,A"]
[Result "0-1"]
[WhiteElo "2202"]
[BlackElo "2400"]

1.e4 c5 2.Nf3 e6 3.d4 cxd4 4.Nxd4 Nc6 5.Nc3 Qc7 6.Be3 a6 7.Be2 Nf6 8.O-O Be7
9.Nxc6 bxc6 10.f4 d6 11.Qe1 O-O 12.Qg3 Nd7 13.Rad1 Rb8 14.b3 c5 15.f5 Bf6
16.Bg5 Be5 17.Bf4 Bxf4 18.Rxf4 Nf6 19.Rh4 e5 20.Rh6 Qe7 21.Rh3 Rb4 22.Qh4 Bxf5
23.g4 Bg6 24.Bc4 Qd7 25.a3 Rbb8 26.g5 Nxe4 27.Nd5 Nxg5 28.Rg3 h6 29.Qxh6 gxh6
30.Nf6+ Kh8 31.Nxd7 Ne4 32.Nxf8 Rxf8 33.Rh3 Kg7 34.Bxa6 Rb8 35.Bc4 f5 36.a4 f4
37.a5 Rd8 38.a6 Nf6 39.c3 Be4 40.Bf1 Kf7 41.Be2 Ba8 42.b4 cxb4 43.cxb4 Rg8+
44.Kf2 e4 45.Rxd6 e3+ 46.Rxe3 Rg2+ 47.Kf1 fxe3 48.Rd8 Be4 49.a7 Rxh2 50.Bc4+ Kg7
51.a8=Q Bxa8 52.Rxa8 Ne4 53.Bb5 e2+ 54.Bxe2 Ng3+ 55.Kg1 Rxe2 56.Ra7+ Kf6
57.b5 Rb2 58.Ra6+ Kg5 59.b6 Nf5 60.Kf1 h5 61.Kg1 h4 62.Kh1 Ng3+ 63.Kg1 h3
64.Ra5+ Kg6 65.Rg5+ Kxg5  0-1

[Event "WJun"]
[Site "Yerevan ARM"]
[Date "2006.10.09"]
[Round "7"]
[White "Alavi,S"]
[Black "Geller,J"]
[Result "0-1"]
[WhiteElo "2368"]
[BlackElo "2501"]

1.e4 c5 2.Nf3 e6 3.d4 cxd4 4.Nxd4 Nc6 5.Nc3 Qc7 6.Be2 a6 7.O-O Nf6 8.Kh1 Nxd4
9.Qxd4 Bc5 10.Qd3 b5 11.f4 Bb7 12.Bf3 O-O 13.e5 Ne8 14.Bxb7 Qxb7 15.Ne4 Be7
16.Be3 Rd8 17.Ng5 g6 18.Bd4 Ng7 19.Ne4 Nf5 20.Bc5 Bxc5 21.Nxc5 Qc6 22.Ne4 d6
23.exd6 Nxd6 24.Nf6+ Kh8 25.Qe2 Qc5 26.Rad1 Kg7 27.Ng4 Nf5 28.Rfe1 Rd6 29.Rxd6 Qxd6
30.Ne5 Rd8 31.c3 Qd2 32.g3 Qd5+ 33.Kg1 Qxa2 34.g4 Ne7 35.c4 Qa5 36.c5 Qb4
37.c6 Nxc6 38.Nxc6 Qc5+ 39.Qe3 Qxc6 40.Ra1 Qd6 41.f5 exf5 42.gxf5 Qd4 43.Qxd4+ Rxd4  0-1

[Event "22nd ECU Club Cup"]
[Site "Feugen AUT"]
[Date "2006.10.10"]
[Round "3"]
[White "Kasimdzhanov,R"]
[Black "Laznicka,V"]
[Result "1-0"]
[WhiteElo "2672"]
[BlackElo "2596"]

1.e4 c5 2.Nf3 e6 3.d4 cxd4 4.Nxd4 Nc6 5.Nc3 a6 6.Be2 d6 7.O-O Nf6 8.Be3 Bd7
9.a4 Be7 10.f4 Nxd4 11.Qxd4 Bc6 12.Bf3 O-O 13.Qd3 Qc7 14.a5 Rac8 15.Rfd1 Rfe8
16.Kh1 h6 17.Qd2 Bf8 18.Qf2 d5 19.e5 Nd7 20.Ne2 Bb4 21.Bd2 Bxd2 22.Rxd2 b6
23.axb6 Nxb6 24.b3 a5 25.Rxa5 Nc4 26.Ra7 Qxa7 27.Qxa7 Nxd2 28.Bh5 g6 29.Qe3 Nf1
30.Qc1 gxh5 31.Nd4 Nxh2 32.Kxh2 Bd7 33.Qd1 Kg7 34.Qxh5 Rf8 35.Qh4 f6 36.f5 fxe5
37.fxe6 Be8 38.e7  1-0

[Event "22nd ECU Club Cup"]
[Site "Feugen AUT"]
[Date "2006.10.10"]
[Round "3"]
[White "Vogt,L"]
[Black "Moor,R"]
[Result "1/2-1/2"]
[WhiteElo "2479"]
[BlackElo "2401"]

1.e4 c5 2.Nf3 e6 3.d4 cxd4 4.Nxd4 Nc6 5.Nc3 Qc7 6.g3 a6 7.Bg2 Nf6 8.O-O Bc5
9.Bf4 e5 10.Nb3 exf4 11.Nxc5 d6 12.Nd3 fxg3 13.fxg3 Be6 14.Kh1 Ne5 15.Nf4 O-O
16.Qd4 Nc6 17.Qd2 Ne5 18.Nxe6 fxe6 19.Ne2 Nfg4 20.Nd4 Qe7 21.b3 h6 22.c4 Rxf1+
23.Rxf1 Rf8 24.Rxf8+ Kxf8 25.Qf4+ Ke8 26.Bf3 g5 27.Qd2 Qf6  1/2-1/2

[Event "22nd ECU Club Cup"]
[Site "Feugen AUT"]
[Date "2006.10.10"]
[Round "3"]
[White "Wiersma,E"]
[Black "Andersson,U"]
[Result "1/2-1/2"]
[WhiteElo "2414"]
[BlackElo "2542"]

1.e4 c5 2.Nf3 e6 3.d4 cxd4 4.Nxd4 Nc6 5.Nc3 a6 6.Nxc6 bxc6 7.Bd3 d5 8.O-O Nf6
9.Re1 Be7 10.e5 Nd7 11.Qg4 g6 12.b3 O-O 13.Bh6 Re8 14.Na4 c5  1/2-1/2

[Event "22nd ECU Club Cup"]
[Site "Feugen AUT"]
[Date "2006.10.11"]
[Round "4"]
[White "Polzin,R"]
[Black "Sokolov,And1"]
[Result "1/2-1/2"]
[WhiteElo "2480"]
[BlackElo "2580"]

1.e4 c5 2.Nf3 e6 3.d4 cxd4 4.Nxd4 Nc6 5.Nc3 d6 6.Be2 Nf6 7.O-O Be7 8.Be3 O-O
9.f4 e5 10.Nb3 exf4 11.Bxf4 Be6 12.Kh1 d5 13.e5 Nd7 14.Nxd5 Ndxe5 15.c4 Bg5
16.Nc5 Bxf4 17.Nxe6 fxe6 18.Nxf4 Qe7 19.Qd2 Rf6 20.Qe3 Raf8 21.b3 b6 22.Qe4 Qc5
23.Nd3 Rxf1+ 24.Rxf1 Rxf1+ 25.Bxf1 Qa3 26.Nxe5 Qc1 27.Nf3 Qxf1+ 28.Ng1 Ne7
29.Qxe6+ Kf8 30.Qd6 Kf7 31.h3 Nf5 32.Qc7+ Kf6 33.g4 Nh4 34.Qg3  1/2-1/2

[Event "22nd ECU Club Cup"]
[Site "Feugen AUT"]
[Date "2006.10.11"]
[Round "4"]
[White "Maze,S"]
[Black "Wirig,A"]
[Result "1/2-1/2"]
[WhiteElo "2510"]
[BlackElo "2439"]

1.e4 c5 2.Nf3 e6 3.d4 cxd4 4.Nxd4 Nc6 5.Nc3 Qc7 6.Be3 a6 7.Bd3 Nf6 8.O-O Ne5
9.h3 Bc5 10.Qd2 d6 11.f4 Ng6 12.Qf2 O-O 13.Rae1 Ba3 14.bxa3 Qxc3 15.Nb3 e5
16.f5 Nf4 17.Bxf4 exf4 18.Qxf4 Qe5 19.Qf2 b5 20.Nd2 Qc3 21.a4 Bd7 22.g4 Bc6
23.g5 Nd7 24.Nf3 Ne5 25.f6 Nxf3+ 26.Qxf3 g6 27.Qg3 Rae8 28.axb5 axb5 29.Qh4 h5
30.gxh6 Kh7 31.Rb1 Re5 32.Rb3 Qd2 33.Qf2 Qxh6 34.Qf4 Ra8 35.Rc3 Bd7 36.Qxh6+ Kxh6
37.Rc7 Bxh3 38.Rb1 Be6 39.Rxb5 Rxb5 40.Bxb5 Rxa2 41.Be8 Kg5 42.Bxf7  1/2-1/2

[Event "22nd ECU Club Cup"]
[Site "Feugen AUT"]
[Date "2006.10.11"]
[Round "4"]
[White "Nijboer,F"]
[Black "Kristjansson,St"]
[Result "1/2-1/2"]
[WhiteElo "2641"]
[BlackElo "2482"]

1.e4 c5 2.Nf3 e6 3.Nc3 Nc6 4.d4 cxd4 5.Nxd4 Qc7 6.Be2 a6 7.O-O Nf6 8.Kh1 Bb4
9.Qd3 Nxd4 10.Qxd4 Bc5 11.Qd3 b5 12.f4 Bb7 13.Bf3 h5 14.e5 Ng4 15.Bxb7 Qxb7
16.Ne4 Rc8 17.Bd2 Be7 18.Bc3 Nh6 19.Bd4 Nf5 20.c3 h4 21.Qf3 Qc6 22.Rad1 O-O
23.Rd3 Rfd8 24.Bf2 d5 25.exd6 Nxd6 26.Nd2 Qxf3 27.Nxf3 Nc4 28.Rxd8+ Rxd8
29.b3 Nd2 30.Rd1 Nxf3 31.Rxd8+ Bxd8 32.gxf3 Bf6 33.c4 bxc4 34.bxc4 h3 35.Bc5 Bh4
36.Kg1 f6 37.Bf2 Bxf2+ 38.Kxf2 Kf7 39.Kg3 Ke7 40.Kxh3 Kd6 41.Kg4 g6 42.h4 Kc5
43.h5 f5+ 44.Kg5 gxh5 45.Kxh5 Kxc4 46.Kg5  1/2-1/2

[Event "USCL"]
[Site "ICC INT"]
[Date "2006.10.11"]
[Round "7"]
[White "Smith,Bry"]
[Black "Kaufman,La"]
[Result "0-1"]
[WhiteElo "2381"]
[BlackElo "2358"]

1.e4 c5 2.Nf3 e6 3.d4 cxd4 4.Nxd4 Nc6 5.Nc3 d6 6.Be3 Nf6 7.Qd2 Be7 8.f3 O-O
9.g4 d5 10.g5 Nh5 11.exd5 Nxd4 12.Qxd4 Bxg5 13.O-O-O exd5 14.Rg1 Bxe3+ 15.Qxe3 Nf6
16.Ne4 g6 17.Bc4 Be6 18.Qc3 Nxe4 19.fxe4 Rc8 20.exd5 Bf5 21.a4 Qd6 22.b3 a6
23.a5 Qa3+ 24.Kd2 Rfd8 25.Qe5 Qxa5+ 26.Kc1 Qa3+ 27.Kb1 Bxc2+ 28.Kxc2 b5 29.Ra1 Qc5
30.Rg4 Qf2+ 31.Kb1 bxc4 32.bxc4 Re8 33.Rf4 Qg1+ 34.Ka2 Qxh2+  0-1

[Event "Vasylyshyn Mem"]
[Site "Lviv UKR"]
[Date "2006.10.11"]
[Round "7"]
[White "Vovk,Y"]
[Black "Popov,Iv RUS"]
[Result "1/2-1/2"]
[WhiteElo "2444"]
[BlackElo "2516"]

1.e4 c5 2.Nf3 e6 3.d4 cxd4 4.Nxd4 Nc6 5.Nc3 a6 6.Be2 Qc7 7.O-O Nf6 8.Be3 Be7
9.f4 d6 10.Qe1 O-O 11.Qg3 Nxd4 12.Bxd4 b5 13.a3 Bb7 14.Rae1 d5 15.exd5 Bc5
16.Bxc5 Qxc5+ 17.Qf2 Qxf2+ 18.Kxf2 Nxd5 19.Nxd5 Bxd5 20.Rd1 Rac8 21.c3 Rfd8
22.Rd4 Bb3 23.Rb4 Ba4 24.Ke3 Kf8 25.Bd3 Rc5 26.Rd4 Ke7 27.Rxd8 Kxd8 28.f5 Bb3
29.fxe6 Bxe6 30.Rf4 Re5+ 31.Kf2 Rd5 32.Ke3 Re5+ 33.Kf2 Kc7 34.a4 h6 35.Rd4 Bd7
36.axb5 axb5 37.c4 b4 38.c5 b3 39.Bc4 Bc6 40.Bxb3 Rxc5 41.Bc4 Rf5+ 42.Kg1 Rg5
43.g3 f6 44.Kf2 Rf5+ 45.Rf4 Ra5 46.Ke3 Kd6 47.Rd4+ Ke5 48.Be2 f5 49.h4 g5
50.hxg5 hxg5 51.Rd2 g4 52.Rd4 Bd5 53.Bd3 Rc5 54.Rf4 Be6 55.Rf1 Rc8 56.Ra1 Rh8
57.Ra5+ Kf6 58.Ra6 Ke5  1/2-1/2

[Event "Corporacion del Sur A"]
[Site "Buenos Aires ARG"]
[Date "2006.10.12"]
[Round "10"]
[White "Giaccio,A"]
[Black "Needleman,G"]
[Result "0-1"]
[WhiteElo "2462"]
[BlackElo "2427"]

1.e4 c5 2.Nf3 e6 3.d4 cxd4 4.Nxd4 Nc6 5.Nc3 Qc7 6.f4 a6 7.Nb3 b5 8.Bd3 Bb7
9.Qf3 Nf6 10.O-O Be7 11.Bd2 d5 12.e5 Nd7 13.Qf2 g5 14.Rae1 gxf4 15.Bxf4 O-O-O
16.Nxd5 exd5 17.Bf5 Rhf8 18.Kh1 d4 19.c3 d3 20.Nc5 Bxc5 21.Qxc5 Ba8 22.e6 Nxc5
23.e7+ Qd7 24.Bxd7+ Nxd7 25.exf8=Q Rxf8 26.Re3 Rg8 27.Bg3 Nce5 28.h3 d2 29.b3 h5
30.h4 f5 31.Re2 Rxg3 32.Rxd2 Be4 33.c4 bxc4 34.bxc4 Nc5 35.Kh2 Rg4 36.Kh3 Ncd3
37.g3 f4  0-1

[Event "22nd ECU Club Cup"]
[Site "Feugen AUT"]
[Date "2006.10.12"]
[Round "5"]
[White "Fejzullahu,A"]
[Black "Korchnoi,V"]
[Result "0-1"]
[WhiteElo "2305"]
[BlackElo "2607"]

1.e4 c5 2.Nf3 e6 3.d4 cxd4 4.Nxd4 Nc6 5.Nc3 d6 6.Be3 Nf6 7.f3 Be7 8.Qd2 d5
9.O-O-O O-O 10.Nb3 dxe4 11.Qxd8 Rxd8 12.Rxd8+ Bxd8 13.Nxe4 Nxe4 14.fxe4 b6
15.Nd4 Ne5 16.Nf3 Ng4 17.Bd4 Bb7 18.Bd3 Bc7 19.h3 Bf4+ 20.Kb1 Nf6 21.Re1 Bg3
22.Re2 Rd8 23.a4 Nh5 24.a5 Nf4 25.Rd2 Nxd3 26.cxd3 bxa5 27.Kc2 f5 28.Re2 Ba6
29.Rd2 Bf4 30.Rf2 Rxd4 31.Nxd4 Be3  0-1

[Event "22nd ECU Club Cup"]
[Site "Feugen AUT"]
[Date "2006.10.12"]
[Round "5"]
[White "Wiersma,E"]
[Black "Stefansson,H"]
[Result "0-1"]
[WhiteElo "2414"]
[BlackElo "2551"]

1.e4 c5 2.Nf3 e6 3.d4 cxd4 4.Nxd4 Nc6 5.Nc3 Qc7 6.g3 a6 7.Bg2 d6 8.O-O Bd7
9.Re1 Be7 10.Nxc6 Bxc6 11.Qg4 h5 12.Qe2 h4 13.a4 hxg3 14.hxg3 Nf6 15.Bf4 Rd8
16.a5 O-O 17.Bf3 Rfe8 18.g4 Qc8 19.g5 Nh7 20.Qd2 e5 21.Be3 Qh3 22.Qe2 Bxg5
23.Bg4 Qh4 24.Bb6 Nf6 25.Bf3 Rc8 26.Kg2 Bf4 27.Rh1 Qg5+ 28.Kf1 Bd7 29.Rd1 Be6
30.Rg1 Bc4 31.Rd3 Qh6 32.Rh1 Qg6 33.Rg1 Qh7 34.Rh1 Bh6 35.Be3 d5  0-1

[Event "11th ECU Club Cup w"]
[Site "Feugen AUT"]
[Date "2006.10.12"]
[Round "5"]
[White "Kosintseva,T"]
[Black "Javakhishvili,L"]
[Result "1-0"]
[WhiteElo "2458"]
[BlackElo "2416"]

1.e4 c5 2.Nf3 e6 3.d4 cxd4 4.Nxd4 Nc6 5.Nc3 Qc7 6.Be3 a6 7.Qd2 Nf6 8.O-O-O Bb4
9.f3 Ne5 10.Nb3 b5 11.Kb1 Be7 12.Qf2 d6 13.g4 Bb7 14.Bb6 Qb8 15.Bd4 O-O 16.g5 Nfd7
17.f4 b4 18.fxe5 bxc3 19.exd6 Qxd6 20.Be2 Qc7 21.Bxc3 Bxg5 22.Rhg1 f6 23.h4 Bh6
24.Ba5 Qc8 25.Rg3 Ne5 26.Nc5 f5 27.exf5 Rxf5 28.Qg1 Bd5 29.Bc3 Qc7 30.Bd4 a5
31.Rc3 Qf7 32.Be3 Qf6 33.Bxh6 Qxh6 34.h5 Rb8 35.b3 Rbf8 36.Qg3 Qf6 37.Qe3 Rf2
38.Ne4 Bxe4 39.Qxe4 Nf7 40.Rc7 Rh2 41.Rf1 Nd6 42.Qg4 Qe5 43.Rxf8+ Kxf8 44.Qf3+ Qf6
45.Qa8+ Ne8 46.Rc8  1-0

[Event "22nd ECU Club Cup"]
[Site "Feugen AUT"]
[Date "2006.10.12"]
[Round "5"]
[White "Ernst,T"]
[Black "Votava,J"]
[Result "1/2-1/2"]
[WhiteElo "2441"]
[BlackElo "2531"]

1.e4 c5 2.Nf3 e6 3.d4 cxd4 4.Nxd4 Nc6 5.Nc3 Qc7 6.Be2 a6 7.O-O Nf6 8.Be3 Be7
9.f4 d6 10.a4 O-O 11.Kh1 Bd7 12.Nb3 b6 13.Bf3 Rab8 14.Qe2 Nb4 15.Rad1 e5
16.Qd2 Rfd8 17.Rfe1 h6 18.Nc1 Bc6 19.Nd3 d5 20.exd5 Nfxd5 21.Nxd5 Bxd5 22.Bxd5 Rxd5
23.fxe5 Qxc2 24.Nxb4 Rxd2 25.Nxc2 Rxc2 26.Bd4 b5 27.axb5 axb5 28.h3 Rd8 29.Kh2 Kh7
30.Kg3 Kg6 31.e6 f6 32.Be3 Rxd1 33.Rxd1 Rc6 34.Rd5 Rxe6 35.Kf3 b4 36.Bc5 Bxc5
37.Rxc5 Rb6 38.b3 h5 39.Rc4 Rb5 40.h4 Kf5 41.g3  1/2-1/2

[Event "XI WCh-Blind"]
[Site "Goa IND"]
[Date "2006.10.12"]
[Round "4"]
[White "Krylov,Sergey"]
[Black "Smirnov,Sergei"]
[Result "1-0"]
[WhiteElo "2393"]
[BlackElo "2288"]

1.e4 c5 2.Nf3 Nc6 3.d4 cxd4 4.Nxd4 e6 5.Nc3 d6 6.Be2 Nf6 7.O-O Be7 8.Kh1 O-O
9.f4 Qc7 10.Be3 Bd7 11.Qe1 e5 12.fxe5 dxe5 13.Qg3 Kh8 14.Nf5 Bxf5 15.Rxf5 Rad8
16.Raf1 Qd6 17.a3 Qe6 18.Bg5 Nd4 19.Rxe5 Nxe2 20.Nxe2 Nh5 21.Qc3 Qg4 22.Bxe7 Qxe2
23.Qf3 Qxf3 24.gxf3 Rfe8 25.Bxd8 Rxe5 26.Rd1 h6 27.Rd7 f5 28.Rxb7 fxe4 29.fxe4 Rxe4
30.Kg1 Nf4 31.Kf2 Ne6 32.Ba5 Rh4 33.Kg3 g5 34.Bc3+ Kg8 35.Rxa7 Nf4 36.Be5 Rh3+
37.Kg4 Rxh2 38.c4 Nd3 39.Bxh2  1-0

[Event "Vasylyshyn Mem"]
[Site "Lviv UKR"]
[Date "2006.10.12"]
[Round "9"]
[White "Yaremko,N"]
[Black "Popov,Iv RUS"]
[Result "1/2-1/2"]
[WhiteElo "2326"]
[BlackElo "2516"]

1.e4 c5 2.Nf3 e6 3.d4 cxd4 4.Nxd4 Nc6 5.Nc3 a6 6.Be3 Nf6 7.Nxc6 bxc6 8.e5 Nd5
9.Nxd5 cxd5 10.Bd3 d6 11.exd6 Bxd6 12.O-O O-O 13.f4 Qh4 14.c4 Bb7 15.c5 Be7
16.Rc1 Bc6 17.b4 Bf6 18.a4 d4 19.Bd2 e5 20.Qe1 Qxe1 21.Rfxe1 Bxa4 22.fxe5 Be7
23.e6 f6 24.Bf4 Rfc8 25.Ra1 Bb5 26.Bxb5 axb5 27.Bd6 Kf8 28.Rxa8 Rxa8 29.Rd1 Ra2
30.Rxd4 Re2 31.Bxe7+ Kxe7 32.Rd7+ Kxe6 33.Rb7 Kd5 34.Rxb5 Kc6 35.Rb6+ Kc7
36.b5 Rb2 37.h4 h5 38.Kf1 Rc2 39.Rc6+ Kb7 40.Kg1 Rb2 41.Rb6+ Kc7 42.Kh2 Rb3
43.g3 Rb2+ 44.Kg1 Rc2 45.Rc6+ Kb8 46.Kf1 g5 47.Rb6+ Kc7 48.Rxf6 Rxc5 49.b6+ Kb7
50.hxg5 Rxg5 51.Kf2 Rg4 52.Rh6 Rg5 53.Kf3 Rf5+ 54.Ke4 Rg5 55.Kf4 Rg4+ 56.Kf3 Rg5
57.Rf6 Ka6 58.Rh6 Kb7 59.Kg2 Ka6 60.Kh2 Kb7 61.Kh3 Ka6 62.Rc6 Kb7 63.Rc3 Kxb6
64.Kh4 Ra5 65.Rc8 Kb7 66.Rh8 Kc6 67.Rxh5 Ra8 68.g4 Kd6 69.Rf5 Ke6 70.Kg5 Rg8+
71.Kf4 Ra8 72.Kg3 Rg8 73.Rf1 Ke5 74.Rf5+ Ke6 75.Kf4 Ra8  1/2-1/2

[Event "I Patrimonio de la Humanidad Open"]
[Site "Alcala de Henares ESP"]
[Date "2006.10.13"]
[Round "7"]
[White "Neelotpal,D"]
[Black "Serrano Salvador,E"]
[Result "0-1"]
[WhiteElo "2490"]
[BlackElo "2362"]

1.e4 c5 2.Nf3 e6 3.d4 cxd4 4.Nxd4 Nc6 5.Nc3 a6 6.Nxc6 bxc6 7.Bd3 d5 8.O-O Nf6
9.Qe2 Be7 10.b3 O-O 11.Bb2 Re8 12.Na4 h6 13.Rad1 Bb7 14.e5 Nd7 15.f4 Nc5
16.Nxc5 Bxc5+ 17.Kh1 Bf8 18.Qg4 Bc8 19.h4 a5 20.a4 Qc7 21.Rf3 Ba6 22.Bxa6 Rxa6
23.Rdf1 Rb6 24.Bc3 Qa7 25.f5 exf5 26.Rxf5 Rb7 27.Rf6 Qc5 28.R1f3 d4 29.Bxd4 Qxc2
30.e6 fxe6 31.Rxe6 Rd8 32.Rxh6 Qc1+ 33.Kh2 Qxh6 34.Rf6 Bd6+ 35.g3 Qd2+ 36.Kh3 Qe1
37.Rf2 Qh1+ 38.Rh2 Qf1+ 39.Rg2 Rf7  0-1

[Event "22nd ECU Club Cup"]
[Site "Feugen AUT"]
[Date "2006.10.13"]
[Round "6"]
[White "Korneev,O"]
[Black "Moor,R"]
[Result "1/2-1/2"]
[WhiteElo "2657"]
[BlackElo "2401"]

1.e4 c5 2.Nf3 e6 3.d4 cxd4 4.Nxd4 Nc6 5.Nc3 Qc7 6.Be3 a6 7.Qd2 Nf6 8.O-O-O Bb4
9.f3 Ne7 10.Nde2 b5 11.Kb1 Ba5 12.Bf4 e5 13.Bg5 Bb7 14.Bxf6 gxf6 15.Qh6 Qb6
16.Ng3 Bxc3 17.bxc3 d5 18.f4 O-O-O 19.fxe5 dxe4 20.Be2 Nd5 21.Nxe4 fxe5 22.Qxb6 Nxb6
23.Nd6+ Kb8 24.Nxf7 Rxd1+ 25.Rxd1 Rf8 26.Bh5  1/2-1/2

[Event "22nd ECU Club Cup"]
[Site "Feugen AUT"]
[Date "2006.10.13"]
[Round "6"]
[White "Kovalev,An"]
[Black "Yegiazarian,A"]
[Result "1-0"]
[WhiteElo "2548"]
[BlackElo "2507"]

1.e4 c5 2.Nf3 e6 3.Nc3 Nc6 4.d4 cxd4 5.Nxd4 Qc7 6.Be2 a6 7.O-O Nf6 8.Be3 Be7
9.f4 d6 10.Kh1 O-O 11.a4 Re8 12.Bf3 Bd7 13.Nb3 b6 14.g4 Bc8 15.g5 Nd7 16.Bg2 Bb7
17.Qe2 Bf8 18.Rad1 Nc5 19.Qf2 Nb4 20.Rd4 Nxb3 21.Rxb4 Nc5 22.Rd4 Rac8 23.Qh4 g6
24.Rf3 e5 25.Rc4 Qd8 26.f5 h5 27.fxg6 fxg6 28.Nd5 Bxd5 29.exd5 Be7 30.Bh3 Rf8
31.Rxf8+ Qxf8 32.Kg2 Re8 33.b4 Nxa4 34.Qe4 Kg7 35.Rc7 b5 36.c4 bxc4 37.Qxc4 Rb8
38.Ra7 Qd8 39.Be6 Nb6 40.Qxa6 Kh8 41.h4 Na8 42.Rd7 Qf8 43.Qa7 Re8 44.b5 Kh7
45.b6 Nxb6 46.Bxb6 e4 47.Kg1 Qg7 48.Bd4  1-0